Beyond liquidity: the metaphor of money in financial crisis

Αποθηκεύτηκε σε:
Λεπτομέρειες βιβλιογραφικής εγγραφής
Άλλοι συγγραφείς: Pasanek, Brad (Επιμελητής έκδοσης), Polillo, Simone (Επιμελητής έκδοσης)
Μορφή: Βιβλίο
Γλώσσα:English
Δημοσίευση: London ; New York : Routledge, c2013.
Θέματα:
Ετικέτες: Προσθήκη ετικέτας
Δεν υπάρχουν, Καταχωρήστε ετικέτα πρώτοι!

MARC

LEADER 00000nam a2200000 a 4500
001 1/112244
008 161031t2013####enk| ||| |||| ||eng||
020 |a 9780415658829   |q (σκληρό εξώφυλλο)  
040 |a GR-MyUa  |b gre  |c GR-MyUa  |e AACR2 
041 0 |a eng 
082 7 |a 338.542   |2 (23)  
245 0 0 |a Beyond liquidity:   |b the metaphor of money in financial crisis /   |c edited by Brad Pasanek and Simone Polillo.  
260 |a London ;   |a New York :   |b Routledge,   |c c2013.  
300 |a xiii, 129 σ. :   |c 25 εκ.  
504 |a Περιλαμβάνει βιβλιογραφικές παραπομπές και ευρετήριο.  
650 0 |a Business cycles. 
650 0 |a Financial crises. 
700 1 |a Pasanek, Brad,  |e edt 
700 1 |a Polillo, Simone,  |e edt 
852 |a INST  |b CHIOS  |e 20161031  |h 338.542 BEY  |p 005200039154  |q 005200039154  |t BK  |y 0 
922 |a 2ΕΛΗ  |b 2016-05  |c ΤΑΚ/ΤΔΕ  |d Δρες 
970 |a Σπέντζα  |b Ελένη  |z 31-10-2016